000 00944cam a2200325 4500
001 J83733
008 090401t1997 xxu||||| |||| 00| 0 eng d
020 _a186081137X
035 _a(Sirsi) u78119
041 _aeng
050 _a693.97
110 _aBuilding Research Establishment
245 _aSulfide-related (sic. i.e. sulphide-related) degradation of concrete in Southwest England (The mundic problem).
260 _aLondon
_bConstruction Research Communications Ltd
_c1997
300 _aca.200p. : ill. ; 30cm.
350 _a40
490 _aBR
_v325
490 _aBuilding Research Establishment Report
_v325
650 _aBUILDING DEFECTS
650 _aCONCRETE DEGRADATION
650 _aCORNWALL
650 _aDEVON
650 _aMUNDIC
650 _aSULFIDE-RELATED DEGRADATION
690 _aBUILT ENVIRONMENT
700 _aBromley, Alan
700 _aPettifer, Kelvin
942 _n0
948 _c01/05/1997
999 _c96389
_d96389